000 00469nam a2200181Ia 4500
008 100917s9999 xx 000 0 und d
082 _b4268
100 _aफडके ना. सी.
245 _aप्रतिज्ञा
260 _b---
_c1955
300 _a239
365 _b2
520 _aकादंबरी
630 _aप्रतिज्ञा
650 _aकादंबरी
730 _aप्रतिज्ञा
942 _cBOOK
999 _c609662
_d609659